| 000 | 01124nam2a22002411 4500 | ||
|---|---|---|---|
| 001 | rc\4928482 | ||
| 005 | 20250612204946.0 | ||
| 035 | _a(NLR Aleph) 008844767 | ||
| 090 |
_a8364438 _c8364438 |
||
| 100 | _a20130426d1964 |||y0rusy50 ca | ||
| 101 | 0 |
_arus _atyv |
|
| 102 | _aRU | ||
| 105 | _ay z ||||| | ||
| 200 | 0 | _a... № 33 | |
| 210 |
_d1964 _aБ. м. |
||
| 215 | _a19 с. | ||
| 461 | 0 |
_1001rc\4928475 _12001#$aПротоколы... заседаний Президиума Верховного Совета Тувинской Автономной Советской Социалистической Республики$e№ 1-$v... № 33 _98364399 _aТувинская АССР. Верховный Совет _cКызыл _d1963- _nТувкнигоиздат _o№ 1- _tПротоколы... заседаний Президиума Верховного Совета Тувинской Автономной Советской Социалистической Республики _v... № 33 |
|
| 801 | 0 |
_aRU _bNLR _gpsbo |
|
| 801 | 1 |
_aRU _bELAR _2rusmarc |
|
| 852 |
_aNLR _bОНЛ |
||
| 942 | _cBOOK | ||
| 980 | _aNB | ||